The adventures of God in his search for the Black girl / (Record no. 18278)
[ view plain ]
| 000 -LEADER | |
|---|---|
| fixed length control field | 01315nam a2200277 4500 |
| 001 - CONTROL NUMBER | |
| control field | 18278 |
| 003 - CONTROL NUMBER IDENTIFIER | |
| rucl marc code | BD-RjUL |
| 005 - DATE AND TIME OF LATEST TRANSACTION | |
| control field | 20211209000248.0 |
| 008 - FIXED-LENGTH DATA ELEMENTS--GENERAL INFORMATION | |
| fixed length control field | 140220t1973maua b 000 1 eng |
| 020 ## - INTERNATIONAL STANDARD BOOK NUMBER | |
| International Standard Book Number | 0316109762 |
| 035 ## - SYSTEM CONTROL NUMBER | |
| System control number | (BD-RjUL)18336 |
| 040 ## - CATALOGING SOURCE | |
| Original cataloging agency | DLC |
| Transcribing agency | DLC |
| Modifying agency | BD-RjUL |
| Language of cataloging | eng |
| 041 ## - LANGUAGE CODE | |
| Language code of text/sound track or separate title | eng |
| 082 00 - DEWEY DECIMAL CLASSIFICATION NUMBER | |
| Classification number | 823.914 |
| Author mark and year | BRA 1973 |
| 100 1# - MAIN ENTRY--PERSONAL NAME | |
| Personal name | Brophy, Brigid, |
| Dates associated with a name | 1929- |
| 9 (RLIN) | 56274 |
| 245 14 - TITLE STATEMENT | |
| Title | The adventures of God in his search for the Black girl / |
| Statement of responsibility, etc. | Brigid Brophy |
| 250 ## - EDITION STATEMENT | |
| Edition statement | 1st American ed. |
| 260 ## - PUBLICATION, DISTRIBUTION, ETC. (IMPRINT) | |
| Place of publication, distribution, etc. | Boston, |
| Name of publisher, distributor, etc. | Little, Brown |
| Date of publication, distribution, etc. | c1973. |
| 300 ## - PHYSICAL DESCRIPTION | |
| Pagination | 223 p. : |
| Illustrations | illus. ; |
| Size | 22 cm. |
| 500 ## - GENERAL NOTE | |
| General note | "An Atlantic-Monthly Press book." |
| 504 ## - BIBLIOGRAPHY, ETC. NOTE | |
| Bibliography, etc | Includes bibliographical references. |
| 505 0# - FORMATTED CONTENTS NOTE | |
| Formatted contents note | The singularly ugly princess.--A literary history.--Sources.--Homo sapiens.--An anecdote of the Golden Age.--Trade follows the flag.--Democracy.--Variations on themes of Elgar and Brahms.--The sage on the commonest crime.--Documentary.--The honest Bluebeard.--The two Emperors.--The Pasiphaïst version.--The sage on democracy.--Disjecta membra.--Classic detective story.--Scene from suburban life.--The hypocrite saga.--Wishes.--The woodcutter's upright son.--The adventures of God in his search for the Black Girl. |
| 942 ## - ADDED ENTRY ELEMENTS (KOHA) | |
| Source of classification or shelving scheme | Dewey Decimal Classification |
| Koha item type | Books |
| Lost status | Source of classification or shelving scheme | Damaged status | Not for loan | Collection code | Permanent Location | Current Location | Shelving location | Date acquired | Source of acquisition | Cost, normal purchase price | Total Checkouts | Full call number | Date last seen | Copy number | Koha item type |
|---|---|---|---|---|---|---|---|---|---|---|---|---|---|---|---|
| Dewey Decimal Classification | Not For Loan | Non-fiction | Central Library, University of Rajshahi | Central Library, University of Rajshahi | Reading Room | 27/05/1975 | GONO PRAKASHANI DACCA | 2.50 | 823.914 BRA 1973 | 20/02/2014 | C-1 | Books |